00917nam a2200253 a 450000100060000000300080000600500170001400800410003103500190007204000270009104100080011808200220012611000580014824501020020626000480030830000350035650400380039165000190042965000270044870000290047594200120050499900170051695201300053371885BD-RjUL20211209082156.0170509s1965 nyua b 001 0 eng d a(BD-RjUL)72101 aDLCcDLCdBD-RjULbeng aeng a530223bAMM 19652 aAmerican Foundation for Continuing Education.920824414aThe mystery of matter /cAmerican Foundation for Continuing Education, edited by Louise B. Young. aNew York :bOxford University Press,c1965. axiii, 712 p. :bill. ;c24 cm. aIncludes bibliographies and index 0aMatter9212627 0aLife (Biology)91506991 aYoung, Louise B.9208243 2ddccBK c71885d71885 00102ddc40718NFICaRUCLbRUCLcReadingd1970-01-14ezeitg0.00l0o530 AMM 1965r2017-05-09 00:00:00tC-1w2017-05-09yBK